00610 2200217 4500001002100000005001700021008004100038020001800079035002500097082001300122090002000135100001600155245005800171250001100229260003500240300003500275500002900310650002400339850001200363990001700375INLIS00000000000790420150709114129.0 ind  a979-489-262-9 a0010-071500000000587 a636.3752 a636.3752bJok P aJOKO SUSENO aPengelolaan usaha pembenihan ikan masc/ Djoko Suseno aCet. 7 aJakartabPenebar Swadayac1999 avi, 74 hlm. :bilus. ;c21 cm. aBibliografi : hlm. 70-73 aIkan mas - Budidaya aYOPDYOG a1074-PK/A.04